The Little Prince by s.Antoine de Saint-Exupéry / (Record no. 340697)
[ view plain ]
| 000 -LEADER | |
|---|---|
| fixed length control field | 00344nam a22001217a 4500 |
| 003 - CONTROL NUMBER IDENTIFIER | |
| control field | SISC |
| 005 - DATE AND TIME OF LATEST TRANSACTION | |
| control field | 20170717104737.0 |
| 008 - FIXED-LENGTH DATA ELEMENTS--GENERAL INFORMATION | |
| fixed length control field | 170714b xxu||||| |||| 00| 0 eng d |
| 050 ## - LIBRARY OF CONGRESS CALL NUMBER | |
| Classification number | To be |
| Item number | announced |
| 100 ## - MAIN ENTRY--PERSONAL NAME | |
| Personal name | Santiago, Martha Molly. |
| 245 ## - TITLE STATEMENT | |
| Title | The Little Prince by s.Antoine de Saint-Exupéry / |
| Statement of responsibility, etc | Martha Molly Santiago. |
| 942 ## - ADDED ENTRY ELEMENTS (KOHA) | |
| Source of classification or shelving scheme | Library of Congress Classification |
| Koha item type | Human Library |
| Withdrawn status | Lost status | Source of classification or shelving scheme | Damaged status | Home library | Current library | Shelving location | Date acquired | Source of acquisition | Total Checkouts | Full call number | Barcode | Date last seen | Price effective from | Koha item type |
|---|---|---|---|---|---|---|---|---|---|---|---|---|---|---|
| Library of Congress Classification | College Library | College Library | Idea Box | 07/17/2017 | Library Fund | To be announced | H0005 | 07/17/2017 | 07/17/2017 | Human Library |